Horticultura tropical y subtropical
Salvato in:
| Autori principali: | , |
|---|---|
| Natura: | Libro |
| Lingua: | spagnolo |
| Pubblicazione: |
Ciudad de México
Pax-México
1971
|
| Edizione: | 2a. ed |
| Soggetti: | |
| Tags: |
Aggiungi Tag
Nessun Tag, puoi essere il primo ad aggiungerne!!
|
MARC
| LEADER | 00000nam a2200000 a 4500 | ||
|---|---|---|---|
| 001 | UCR9086 | ||
| 003 | CL-VaPUC | ||
| 008 | 980613e19710000MX |||||||||||||||||spa|d | ||
| 082 | 0 | 4 | |a 634.6 |b MOR |2 21 |
| 100 | |a Mortensen, Ernest |e autor |9 411270 | ||
| 700 | 0 | |a Bullard, E |e author |9 411271 | |
| 245 | 1 | 0 | |a Horticultura tropical y subtropical |
| 250 | |a 2a. ed | ||
| 300 | |a 182 p | ||
| 942 | |c BK | ||
| 945 | |d 19980613 00:00:00 |a aalvarez | ||
| 260 | |a Ciudad de México |b Pax-México |c 1971 | ||
| 650 | 0 | |a Horticultura |9 259721 | |
| 650 | 0 | |a Árboles frutales |9 264297 | |
| 650 | 0 | |a Agricultura tropical |9 264421 | |
| 650 | 0 | |a Árboles frutales |9 264297 | |
| 650 | 0 | |a Fruticultura |9 259678 | |
| 650 | 0 | |a Manzano |9 264722 | |
| 650 | 7 | |a PLATANO |2 CL-VaPUC |9 263083 | |
| 650 | 7 | |a CHIRIMOYA |2 CL-VaPUC |9 264264 | |
| 650 | 0 | |a Vid |9 264784 | |
| 650 | 7 | |a LIMONERO |2 CL-VaPUC |9 404783 | |
| 650 | 7 | |a MANDARINA |2 CL-VaPUC |9 411272 | |
| 650 | 7 | |a MANGO |2 CL-VaPUC |9 264438 | |
| 650 | 7 | |a PAPAYA |2 CL-VaPUC |9 264439 | |
| 650 | 0 | |a Olivo |9 264818 | |
| 650 | 7 | |a FRAMBUESA |2 CL-VaPUC |9 259691 | |
| 650 | 7 | |a PEPINO |2 CL-VaPUC |9 401560 | |
| 650 | 7 | |a LECHUGA |2 CL-VaPUC |9 362147 | |
| 650 | 0 | |a Cebolla (Allium cepa) |9 264165 | |
| 650 | 0 | |a Ajo (Allium sativum) |9 264164 | |
| 650 | 7 | |a TOMATE |2 CL-VaPUC |9 264158 | |
| 650 | 0 | |a Zanahoria |9 362148 | |
| 650 | 0 | |a Acelgas |9 405905 | |
| 650 | 7 | |a RIEGO AGRICOLA |2 CL-VaPUC |9 395971 | |
| 650 | 0 | |a Cosecha |9 259688 | |
| 650 | 0 | |a Producción |9 263680 | |
| 650 | 0 | |a Pimiento |9 325628 | |
| 650 | 7 | |a PAPA |2 CL-VaPUC |9 257114 | |
| 650 | 0 | |a Administración agrícola |9 264313 | |
| 650 | 0 | |a Duraznos (albaricoques, damascos, chabacanos) |9 402805 | |
| 650 | 7 | |a PERA |2 CL-VaPUC |9 411273 | |
| 650 | 7 | |a MUSA ACUMINATA |2 CL-VaPUC |9 263085 | |
| 650 | 7 | |a MALUS PUMICA |2 CL-VaPUC |9 411274 | |
| 650 | 7 | |a PRUNUS PERSICA |2 CL-VaPUC |9 411275 | |
| 650 | 7 | |a CARICA PUBECENS |2 CL-VaPUC |9 264440 | |
| 583 | |a last modification |c 19980613 00:00:00 |k Rodrigo Vera | ||
| 999 | |c 270327 |d 270325 | ||